000 nam a22 7a 4500
999 _c8510
_d8510
008 180117b ||||| |||| 00| 0 eng d
100 _94901
_aCBSE
245 _aSOCIAL SCIENCE WORKS SHEETS-IX
260 _aNEW DELHI
_bOSWAAL BANK
_c2014